Análise matemática. Volume XI /
Guardado en:
| Autor Principal: | |
|---|---|
| Formato: | Libro |
| Idioma: | Portuguese |
| Publicado: |
Pôrto Alegre :
Instituto de Matemática, Universidade do Rio Grande do Sul,
1961.
|
| Etiquetas: |
Agregar Etiqueta
Sin Etiquetas, Sea el primero en etiquetar este registro!
|
| LEADER | 00476nam a22001335a 4500 | ||
|---|---|---|---|
| 001 | MAT.inmabb000997 | ||
| 008 | 060228s1961####bl############000#0#por## | ||
| 005 | 20170804141258.0 | ||
| 245 | |a Análise matemática. |n Volume XI / |c Ernesto Bruno Cossi. | ||
| 260 | |a Pôrto Alegre : |b Instituto de Matemática, Universidade do Rio Grande do Sul, |c 1961. | ||
| 300 | |a 176 p. ; |c 23 cm. | ||
| 100 | 1 | |a Cossi, Ernesto Bruno. | |
| 084 | |a 26-XX |2 msc2000 | ||
| 859 | |h 26 |i C836a |p A-865 |v 11 |3 Vol. XI |b BIB. MATEMATICA | ||
